Catálogo
 En Linea

Visita al minotauro / (Registro nro. 22961)

Detalles MARC
000 -CABECERA
campo de control de longitud fija 00787nam a2200229 a 4500
001 - NÚMERO DE CONTROL
campo de control 000023465
005 - FECHA Y HORA DE LA ÚLTIMA TRANSACCIÓN
campo de control 20200930022234.0
008 - DATOS DE LONGITUD FIJA--INFORMACIÓN GENERAL
campo de control de longitud fija 101208s1979 ru r 000 0 spa d
040 ## - FUENTE DE LA CATALOGACIÓN
Centro catalogador/agencia de origen DO-SdBNP
Lengua de catalogación spa
Centro/agencia transcriptor BNPHU
082 ## - NÚMERO DE LA CLASIFICACIÓN DECIMAL DEWEY
Número de clasificación xxxx
Número de documento/Ítem V131v
049 ## - FONDOS LOCALES (OCLC)
Fondos de biblioteca BNGR
100 1# - ENTRADA PRINCIPAL--NOMBRE DE PERSONA
Nombre de persona Váiner, Arkadi
9 (RLIN) 48352
245 10 - MENCIÓN DE TÍTULO
Título Visita al minotauro /
Mención de responsabilidad, etc. Arkadi Váiner , Gueorgui Váiner ; traducción José Vento Molina.
260 ## - PUBLICACIÓN, DISTRIBUCIÓN, ETC.
Lugar de publicación, distribución, etc. Moscú :
Nombre del editor, distribuidor, etc. Progreso,
Fecha de publicación, distribución, etc. 1979.
300 ## - DESCRIPCIÓN FÍSICA
Extensión 443 p. ;
Dimensiones 17 cm.
490 1# - MENCIÓN DE SERIE
Mención de serie Libros soviéticos de aventura
500 ## - NOTA GENERAL
Nota general Incluye notas al pie de las páginas.
534 ## - NOTA SOBRE LA VERSIÓN ORIGINAL
Encabezamiento principal del original Вайнер, г Вайнер. ВиЭит к минотАвру.
700 1# - PUNTO DE ACCESO ADICIONAL--NOMBRE DE PERSONA
Nombre de persona Váiner, Gueorgui
9 (RLIN) 48353
700 1# - PUNTO DE ACCESO ADICIONAL--NOMBRE DE PERSONA
Nombre de persona Vento Molina, José
9 (RLIN) 48354
830 #0 - PUNTO DE ACCESO ADICIONAL DE SERIE-TÍTULO UNIFORME
Título uniforme Libros soviéticos de aventura
9 (RLIN) 48355
Existencias
Estado de retiro Estado de pérdida Restricciones de uso No para préstamo Código de colección Localización permanente Ubicación/localización actual Ubicación en estantería Fecha de adquisición Número de inventario Total de préstamos Signatura topográfica completa Código de barras Fecha visto por última vez Precio válido a partir de Tipo de ítem Koha Número de copia
        Monografías: Libros y Folletos General General En catalogación 08.12.2010 LF1   xxxx V131v 23465-10 25.06.2020 25.06.2020 Préstamo en sala  
      Préstamo restrigido Monografías: Libros y Folletos General General En catalogación 10.12.2010 LF1   xxxx V131v 23465-20 25.06.2020 25.06.2020 Préstamo en sala e. 2
        Monografías: Libros y Folletos General General En catalogación 10.12.2010 LF1   xxxx V131v 23465-30 25.06.2020 25.06.2020 Préstamo en sala e. 3

Con tecnología Koha